000 01292nam a2200349 i 4500
001 768714001
003 CO-MdFUSB
005 20260327150833.0
007 ta
008 240924t1996 enk||||| |||| 001 0 eng d
020 _a1-85075-797-6
040 _bspa.
_aCO-MdFUSB
_cCO-MdFUSB
_dCO-MdFUSBC
_erda
041 _aeng
082 _223
_a223.206
_bW629
100 _aWhybray, R. N. (Roger Norman)
_eautor
245 0 _aReading the Psalms as a book
_c/ Norman Whybray
264 1 _aSheffield, England :
_bSheffield Academic Press,
_c[1996]
264 4 _c©1996
300 _a137 páginas
_c; 24 cm
336 _2rdacontent
_atexto
_btxt
337 _2rdamedia
_asin mediación
_bn
338 _2rdacarrier
_avolumen
_bnc
490 _aJournal for the study of the Old Testament. Supplement series
500 _aIncluye índice de referencias e índice de autores
505 _aOpiniones recientes sobre la composición y el arreglo del salterio. -- Sabiduría y material de la Torá. -- Interpretación escatológica. -- La interpretación del sacrificio ritual.
563 _aRústica
630 0 7 _aBiblia.
_pSalmos
_0Crítica e interpretación
650 7 _aHermenéutica bíblica
_2embne
_97333
942 _cBK
945 _aCatherine Arias Alvarez
999 _c70967
_d70967